Countries in the 2026 Winter Olympics - Statistics

General Stats
  • This quiz has been taken 109 times
  • The average score is 67 of 90
Answer Stats
# of Athletes Country % Correct
233 United States
99%
55 United Kingdom
98%
80 Norway
96%
210 Canada
95%
103 Finland
95%
20 Spain
94%
54 Australia
93%
130 China
93%
120 Japan
93%
110 Sweden
93%
196 Italy
92%
15 Brazil
90%
39 Denmark
90%
189 Germany
90%
5 Mexico
90%
60 Poland
90%
117 Austria
89%
3 Portugal
89%
175 Switzerland
89%
8 Argentina
88%
30 Belgium
88%
162 France
88%
32 Estonia
87%
68 Latvia
87%
39 Netherlands
87%
17 New Zealand
87%
37 Slovenia
87%
4 Ireland
86%
53 Slovakia
86%
14 Croatia
85%
114 Czech Republic
85%
71 South Korea
85%
46 Ukraine
85%
4 Chile
83%
4 Iceland
83%
4 Albania
82%
5 Greece
82%
17 Lithuania
82%
3 Serbia
82%
7 Andorra
80%
5 Bosnia and Herzegovina
80%
15 Hungary
80%
2 India
80%
36 Kazakhstan
80%
29 Romania
80%
20 Bulgaria
77%
8 Turkey
77%
5 South Africa
75%
1 Colombia
74%
2 Luxembourg
74%
2 Montenegro
74%
2 Azerbaijan
73%
4 North Macedonia
71%
5 Armenia
70%
1 San Marino
70%
1 Bolivia
69%
7 Jamaica
69%
1 Venezuela
69%
2 Kosovo
68%
5 Moldova
68%
1 Monaco
68%
3 Mongolia
68%
1 Malta
67%
1 Uruguay
67%
8 Georgia
65%
1 Pakistan
65%
9 Taiwan
65%
3 Thailand
65%
2 Uzbekistan
64%
4 Iran
63%
10 Israel
63%
2 Morocco
63%
2 Saudi Arabia
63%
2 United Arab Emirates
63%
1 Ecuador
60%
2 Haiti
60%
1 Nigeria
60%
2 Cyprus
58%
8 Liechtenstein
58%
2 Kyrgyzstan
56%
2 Kenya
52%
1 Malaysia
52%
1 Singapore
50%
2 Lebanon
49%
2 Philippines
49%
1 Benin
37%
7 Trinidad and Tobago
31%
2 Madagascar
29%
1 Eritrea
26%
1 Guinea-Bissau
20%
No matching quizzes found
Score Distribution
Percent of People with Each Score
Percentile by Number Answered
Your Score History
You have not taken this quiz